Statistieken voor Landen van Europa

Klik hier om de quiz te nemen!

Algemene statistieken

  • Deze quiz is 2.770 keer genomen
  • De gemiddelde score is 39 van 45

Antwoorden op de kaart

Antwoorden kleurgecodeerd door een groen-rode schaal op de quizkaart volgens % correct hieronder.
Laden...
 

Antwoordstatistieken

Land% Correct
Nederland
99%
Belgie
98%
Duitsland
97%
Frankrijk
97%
Italie
97%
Portugal
96%
Spanje
96%
Zweden
95%
Finland
95%
Rusland
95%
Polen
94%
Noorwegen
94%
Luxemburg
94%
Denemarken
93%
Ierland
93%
Zwitserland
92%
IJsland
92%
Griekenland
92%
Wit-Rusland
90%
Verenigd
Koninkrijk
90%
Oostenrijk
90%
Letland
89%
Estland
89%
Litouwen
86%
Tsjechie
86%
Kroatie
85%
Hongarije
84%
Bulgarije
84%
Oekraine
83%
Slowakije
81%
Slovenie
80%
Bosnie en
Herzegovina
80%
Albanie
79%
Roemenie
79%
Monaco
78%
Andorra
78%
Vaticaanstad
78%
Liechtenstein
78%
Malta
77%
Servie
74%
Noord-
Macedonie
73%
Kosovo
71%
Moldavië
68%
San Marino
67%
Montenegro
67%

Scoreverdeling

Percentiel versus Aantal Correcte Antwoorden

Procent van Mensen met Elke Score

Uw Scoregeschiedenis

U heeft deze quiz nog niet genomen